00405nam a2200109Ia 4500008004100000100002100041245009000062260002900152300001700181650001500198856008200213160712s9999 xx 000 0 und d aPacis, Carla M.  cCarla M. PacisaA Second Look at "The Rocking Horse": Is It Really A Children's Book? c2011bHumanities Diliman avol. 8 no. 1 xHUMANITIES uhttp://journals.upd.edu.ph/index.php/humanitiesdiliman/issue/view/255/showToc